Préfectures frontalières (département ou pays) - Statistiques

Statistiques générales
  • Ce quiz a été pris 25 fois
  • Le résultat moyen est 4 sur 7
Statistiques - réponses
Réponse % Correct
Strasbourg
100%
Alençon
64%
Avignon
56%
Nanterre
56%
Versailles
44%
Mâcon
40%
Valence
32%
Aucun quiz correspondant
Distribution des résultats
% des personnes avec chaque résultat
Percentile par nombre de réponses
Votre historique - résultats
Vous n’avez pas pris ce quiz